Fast Typing- NEWYORK - Statistics

General Stats
  • This quiz has been taken 225 times
  • The average score is 33 of 42
Answer Stats
NEWYORK % Correct
N
100%
E
98%
W
98%
Y
98%
O
97%
K
96%
R
96%
N
93%
E
92%
W
91%
Y
89%
O
88%
K
86%
R
86%
E
84%
N
84%
W
83%
O
81%
R
81%
Y
81%
K
80%
E
79%
N
79%
W
78%
O
75%
Y
75%
R
74%
K
72%
N
71%
E
70%
W
70%
Y
69%
O
68%
K
67%
R
67%
E
64%
N
64%
W
64%
Y
58%
O
57%
R
56%
K
55%
No matching quizzes found
Score Distribution
Percent of People with Each Score
Percentile by Number Answered
Your Score History
You have not taken this quiz